| 000 | 01418nam a2200325Ia 4500 | ||
|---|---|---|---|
| 001 | ebr10634172 | ||
| 003 | CaPaEBR | ||
| 006 | m u | ||
| 007 | cr cn||||||||| | ||
| 008 | 120516r20122011enk sb 000 0 eng|d | ||
| 020 | _z9780227679913 | ||
| 020 | _z9780227901281 (ebook) | ||
| 040 |
_aCaPaEBR _cCaPaEBR |
||
| 035 | _a(OCoLC)844251604 | ||
| 050 | 1 | 4 |
_aBS1171.2 _b.E85 2012eb |
| 100 | 1 | _aEsler, Philip Francis. | |
| 245 | 1 | 0 |
_aSex, wives, and warriors _h[electronic resource] : _breading Old Testament narrative with its ancient audience / _cPhilip F. Esler. |
| 260 |
_aCambridge, U.K. : _bJames Clarke, _c2012, c2011. |
||
| 300 | _axi, 383 p. | ||
| 504 | _aIncludes bibliographical references (p. 361-383). | ||
| 533 |
_aElectronic reproduction. _bPalo Alto, Calif. : _cebrary, _d2013. _nAvailable via World Wide Web. _nAccess may be limited to ebrary affiliated libraries. |
||
| 630 | 0 | 0 |
_aBible. _pO.T. _xSocial scientific criticism. |
| 630 | 0 | 0 |
_aBible. _pO.T. _pGenesis _xCriticism, interpretation, etc. |
| 630 | 0 | 0 |
_aBible. _pO.T. _pSamuel _xCriticism, interpretation, etc. |
| 630 | 0 | 0 |
_aBible. _pO.T. _pApocrypha. _pJudith _xCriticism, interpretation, etc. |
| 650 | 0 | _aNarration in the Bible. | |
| 655 | 7 |
_aElectronic books. _2local |
|
| 710 | 2 | _aebrary, Inc. | |
| 856 | 4 | 0 |
_uhttp://site.ebrary.com/lib/rucke/Doc?id=10634172 _zAn electronic book accessible through the World Wide Web; click to view |
| 999 |
_c157354 _d157354 |
||